000 00462nam a2200217Ia 4500
003 IT-RoPAU
008 120407s9999 xx 000 0 und d
040 _aIT-RoPAU
040 _cIT-RoPAU
041 _aita
100 _aCelestino Testore
245 _aLo spirito di S. Francesco Saverio.
250 _aAlba
260 _aEdizioni Paoline
260 _c1939
300 _a263 p.
300 _c21,5 cm
490 _v1
942 _cBK
999 _c30826
_d30826